Integration and integrated systems: Enhancing sustainability of plantation crops through integration. (Registro nro. 26578)

Detalles MARC
000 -ENCABEZADO
Número de control [NR] 02991nam a22003497i 4500
001 - NÚMERO DE CONTROL
control field B-12606
003 - IDENTIFICADOR DE CONTROL NÚMERO
control field CO-BoFNCP
007 - CAMPO DESCRIPCIÓN FÍSICA FIJA - INFORMACIÓN GENERAL
fixed length control field t||
008 - DE LONGITUD FIJA DE DATOS DE ELEMENTOS - INFORMACIÓN GENERAL
Elementos de longitud fija [NR] 090928s2008 my r eng d
040 ## - FUENTE DE CATALOGACION [NR]
Agencia de catalogación original [NR] CO-BoFNCP
Idioma de catalogación [NR] Español
Quien Cataloga CO-BoFNCP
Convenciones de la descripción [NR] rda
041 ## - CODIGO DE IDIOMA [R]
Código de idioma para texto/pista de sonido o título separado [R] Inglés
043 ## - CODIGO DE AREA GEOGRAFICA [NR]
Código de área geográfica [R] my
084 ## - OTRO NUMERO DE CLASIFICACION [R]
Número clasificador [R] A-
100 1# - ASIENTO PRINCIPAL--NOMBRE PERSONAL [NR]
Nombre personal [NR] Devendra, C.
ID Autoridad 41381,
Término relacionador [R] autor.
Relator code aut
245 10 - MENCION DE TITULO [NR]
Título [NR] Integration and integrated systems: Enhancing sustainability of plantation crops through integration.
264 #4 - PRODUCCIÓN, PUBLICACIÓN, DISTRIBUCIÓN, FABRICACIÓN Y COPYRIGHT
Fecha de producción, publicación, distribución, fabricación o copyright ©2008
300 ## - DESCRIPCION FISICA [R]
Extensión [R] páginas 355-367 :
Otros detalles físicos [NR] Tablas, gráficos.
336 ## - TIPO DE CONTENIDO
Término de tipo de contenido texto
Código de tipo de contenido txt
Fuente rdacontent
337 ## - TIPO DE MEDIO
Nombre/término del tipo de medio sin mediación
Código del tipo de medio n
Fuente rdamedia
338 ## - TIPO DE SOPORTE
Nombre/término del tipo de soporte volumen
Código del tipo de soporte nc
Fuente rdacarrier
504 ## - NOTA DE BIBLIOGRAFIA, ETC. [R]
Nota de bibliografía, etc. [NR] Incluye referencias bibliográficas.
520 ## - NOTA DE RESUMEN, ETC. [R]
Nota de sumario, etc. [NR] Integration and integrated systems are discussed in the context of enhancing productivity with the inclusion of ruminants in oil palm plantations. The development of these important systems is justified by the need for more efficient integrated natural resource management (NRM), inadequate animal protein supplies to meet human requirements, value addition to the oil palm crop, sustainable development, and conspicuous economic impacts. The latter is highlighted by demonstrable increased productivity of animals and meat offtakes; increased yield and measures of 0.49-3.52 tonnes of FFB per hectare per year; increased income by about 30 percent; savings in weeding costs by about 47-60 percent, equivalent to RM21-62 per hectare per year; and an internal rate of return of 19 percent based on actual field data. Potential increased offtakes and even higher income also exists with the integration of goats. The fact remains that the extent of integration is very small and only 2.2 percent of the land under oil palm is used for integration presently. The reasons are largely associated with poor awareness of the potential of integrated systems; resistance by the crop-oriented plantation sector; inadequate understanding of technology availability and application; high prices for crude palm oil; unattractive investment climate; weak inter-agency collaboration; and absence of policies to encourage the development of integrated systems. Overcoming the constraints and promoting wider adoption of the systems are linked directly with the need for a coherent policy on integration; increased awareness; increased inter-agency coordination; collaboration and resource use; defining a national breeding policy for cattle and germplasm use; much needed increased participation by the private sector; and a stimulus package of incentives. These and other aspects constitute the challenges for the future.
650 #0 - ASIENTO SECUNDARIO DE MATERIA - TERMINO TEMATICO [R]
Término temático o nombre geográfico como elemento de entrada [NR] Aceite de palma
9 (RLIN) 29635.
650 #0 - ASIENTO SECUNDARIO DE MATERIA - TERMINO TEMATICO [R]
Término temático o nombre geográfico como elemento de entrada [NR] captura de carbono
9 (RLIN) 36678.
650 #0 - ASIENTO SECUNDARIO DE MATERIA - TERMINO TEMATICO [R]
Término temático o nombre geográfico como elemento de entrada [NR] Rumiante.
9 (RLIN) 23516
650 #0 - ASIENTO SECUNDARIO DE MATERIA - TERMINO TEMATICO [R]
Término temático o nombre geográfico como elemento de entrada [NR] Sistema integrado de recursos naturales
9 (RLIN) 35706.
650 #0 - ASIENTO SECUNDARIO DE MATERIA - TERMINO TEMATICO [R]
Término temático o nombre geográfico como elemento de entrada [NR] Sostenibilidad.
9 (RLIN) 25061
773 0# - ASIENTO DEL ITEM FUENTE [R]
Asiento principal [NR] The Planter (Malasia)
Información sobre la relación [R] v. 84, no. 987 (2008), p.355-367
Número de control del registro [R] A-
Número Internacional Normalizado para Publicaciones Seriadas - ISSN [NR] 0126-575x
942 ## - ELEMENTOS DE ENTRADA AGREGADOS (KOHA)
Sistema de clasificación Local
Tipo de ítem principal el descrito en 300a Artículo
999 ## - NÚMEROS DE SISTEMAS DE CONTROL (KOHA)
Koha biblionumber 26578
999 ## - NÚMEROS DE SISTEMAS DE CONTROL (KOHA)
Registro cosechable Si
Existencias
Estado de retiro (OPAC) Perdido Sistema de clasificación Dañado No prestable Ubicación habitual Ubicación actual Fecha de creación Total préstamos Signatura topográfica Código de barras Última vez visto Ejemplar Price effective from Tipo de ítem
    Local     1 - CID Palmero Bogotá 1 - CID Palmero Bogotá 10/21/2013   A- R-12606 10/21/2013 Ej. 1 10/21/2013 Artículo